The spirit of science : (Record no. 18671)
[ view plain ]
| 000 -LEADER | |
|---|---|
| fixed length control field | 00472cam a2200181Ia 4500 |
| 020 ## - INTERNATIONAL STANDARD BOOK NUMBER | |
| ISBN | 0863152686 |
| 040 ## - CATALOGING SOURCE | |
| Transcribing agency | UKM |
| 082 ## - DEWEY DECIMAL CLASSIFICATION NUMBER | |
| Classification number | 501 FLO 1998 C150 Or. |
| 245 04 - TITLE STATEMENT | |
| Title | The spirit of science : |
| Remainder of title | from experiment to experience / |
| 260 ## - PUBLICATION, DISTRIBUTION, ETC. (IMPRINT) | |
| Place of publication | Edinburgh : |
| Name of publisher | Floris Books, |
| Year of publication | 1998. |
| 300 ## - PHYSICAL DESCRIPTION | |
| Number of Pages | 366 p. ; |
| Dimensions | 24 cm. |
| 500 ## - GENERAL NOTE | |
| General note | Includes index. |
| 650 #0 - SUBJECT ADDED ENTRY--TOPICAL TERM | |
| Topical Term | Science |
| 650 #0 - SUBJECT ADDED ENTRY--TOPICAL TERM | |
| Topical Term | Mysticism. |
| 650 #0 - SUBJECT ADDED ENTRY--TOPICAL TERM | |
| Topical Term | Religion and science. |
| 700 1# - ADDED ENTRY--PERSONAL NAME | |
| Personal name | Lorimer, David, |
| 942 ## - ADDED ENTRY ELEMENTS (KOHA) | |
| Koha item type | ADB |
| 952 ## - LOCATION AND ITEM INFORMATION (KOHA) | |
| Withdrawn status [LOCAL, KOHA] | 0 |
| Source of acquisition | Permanent Location | Date acquired | Koha item type | Lost status | Shelving location | Current Location | Full call number |
|---|---|---|---|---|---|---|---|
| A36983 | Library Block C | 2020-01-03 | សៀវភៅភាសាអង់គ្លេស | C150 | Library Block C | 501 FLO 1998 C150 Or. |